Riconosci lo Stato - Quiz n°63 - Statistics

Statistiche generali
  • Questo quiz è stato fatto 29 volte
  • Il punteggio medio è 10 su 13
Statistiche sulle risposte
Indizio Risposta % Corretto
Re Mswati III
92%
Popolazione 1 160 164 ab.
88%
Valuta Lilangeni
88%
Indipendenza dal Regno Unito, 6 settembre 1968
83%
Fuso Orario UTC+2
83%
Superficie 17 363 km²
79%
Primo ministro Russell Dlamini
79%
Iniziale della Capitale M / L
75%
Forma di Governo Monarchia assoluta
67%
ISU 0,597
63%
Tasso di crescita 1,04%
58%
PIL (nominale) 3 972 milioni di $
58%
Risposta eSwatini
54%
Nessun quiz corrispondente trovato
Distribuzione punteggi
Percentuale di utenti per punteggio
Percentile per numero di risposta
I tuoi punteggi nel tempo
Non hai fatto questo quiz